U.S. Cities with the Most Tourists (with a map) - Statistics

General Stats
  • This quiz has been taken 829 times
  • The average score is 8 of 8
Answers on the Map
Answers color-coded by a green-red scale on the quiz's map according to % correct below.
 
Answer Stats
# City % Correct
5.55 mil Los Angeles
99%
7.60 mil Miami
99%
12.3 mil New York City
99%
6.77 mil Las Vegas
98%
3.52 mil San Francisco
97%
2.48 mil Honolulu
96%
2.02 mil Washington D.C.
96%
4.98 mil Orlando
93%
No matching quizzes found
Score Distribution
Percent of People with Each Score
Percentile by Number Answered
Your Score History
You have not taken this quiz